| 000 | 00949nam a22003017a 4500 | ||
|---|---|---|---|
| 001 | 5324 | ||
| 003 | FISKH | ||
| 005 | 20241126104251.0 | ||
| 008 | 241126b cb ||||| |||| 00| 0 eng d | ||
| 020 | _a059085027x | ||
| 040 |
_aFISKH _beng _cFISKH _dFISKH |
||
| 050 | _aPZ7.B882 | ||
| 082 | _a813.54 | ||
| 100 |
_aE.Buckley, Helen _d(1918-) |
||
| 245 |
_aGrandmother and i / _cHelen E. Buckley Jan Ormerod |
||
| 250 | _aFirst printing in 1996 | ||
| 260 |
_aNew York : _bScholastic, _c1996. |
||
| 300 |
_a21 pages : _bColor illustrations ; _c25 cm |
||
| 505 | _aJ | ||
| 520 | _aA child considers how Grandmother's lap is just right for those times when lightning is coming in the window or the cat is missing. | ||
| 521 | 8 |
_a460L
_bLexile |
|
| 521 | 8 |
_aJ
_bRaz-Plus |
|
| 650 |
_2African American _aGrandmother |
||
| 650 |
_2Picture book _aPersonality |
||
| 700 |
_aOrmerod, Jan _dIllustrator |
||
| 942 |
_2ddc _cBK _n0 |
||
| 999 |
_c5324 _d5324 |
||